| 000 | 00000nam 2200000zi 4500 |
| 001 | 9.875743 |
| 003 | CaOODSP |
| 005 | 20240220151437 |
| 006 | m o d f |
| 007 | cr |n||||||||| |
| 008 | 190702t20182018abca #ob f000 0 eng d |
| 040 | |aCaOODSP|beng|erda|cCaOODSP |
| 041 | |aeng|bfre |
| 043 | |an-cn--- |
| 086 | 1 |aD68-2/155-2017E-PDF |
| 100 | 1 |aGiesbrecht, J., |eauthor. |
| 245 | 10|aUnderwater optical imaging to aid in docking an unmanned underwater vehicle to a submarine : |bpreliminary experimental investigations / |cJ. Giesbrecht, J. Scrutton. |
| 264 | 1|a[Medicine Hat, Alberta] : |bDefence Research and Development Canada = Recherche et développement pour la défense Canada, |c2018. |
| 264 | 4|c©2018 |
| 300 | |a1 online resource (46 pages) : |billustrations. |
| 336 | |atext|btxt|2rdacontent |
| 337 | |acomputer|bc|2rdamedia |
| 338 | |aonline resource|bcr|2rdacarrier |
| 490 | 1 |aScientific report ; |vDRDC-RDDC-2017-R155 |
| 500 | |aCover title. |
| 500 | |a"Can unclassified." |
| 500 | |a"March 2018." |
| 504 | |aIncludes bibliographical references (page 45). |
| 520 | |a"This report discusses preliminary experimental investigations into the use of optical imaging to track a UUV (Unmanned Underwater Vehicle) that would be docking with a submarine. Two different types of underwater cameras were used to image a variety of optical “targets”, under controlled but realistic conditions, at Defence R&D Canada – Atlantic’s Acoustic Calibration Barge (ACB) in Bedford Basin near Halifax, Nova Scotia. A variety of imaging methods are employed and evaluated"--Abstract. |
| 546 | |aIncludes abstract in French. |
| 692 | 07|2gccst|aSubmarines |
| 692 | 07|2gccst|aMilitary technology |
| 700 | 1 |aScrutton, J., |eauthor. |
| 710 | 1 |aDefence R&D Canada - Suffield. |
| 830 | #0|aScientific report (Defence R&D Canada)|vDRDC-RDDC-2017-R155.|w(CaOODSP)9.802305 |
| 856 | 40|qPDF|s5.28 MB|uhttps://publications.gc.ca/collections/collection_2019/rddc-drdc/D68-2-155-2017-eng.pdf |